[Event "Baku FIDE GP"]
[Site "Baku"]
[Date "2014.10.02"]
[Round "1"]
[White "Dominguez Perez, Leinier"]
[Black "Kasimdzhanov, Rustam"]
[Result "1/2-1/2"]
[WhiteElo "2751"]
[BlackElo "2706"]
[Annotator "Szabo,Kr"]
[PlyCount "60"]
[EventDate "2014.10.02"]
[EventType "tourn"]
[EventRounds "11"]
[EventCountry "AZE"]
[EventCategory "21"]
[SourceTitle "CBM 163"]
[Source "ChessBase"]
[SourceDate "2014.11.11"]
[SourceVersion "1"]
[SourceVersionDate "2014.11.11"]
[SourceQuality "1"]

1. c4 Nf6 2. g3 c5 3. Bg2 g6 4. Nc3 Bg7 5. e3 O-O 6. Nge2 Nc6 7. O-O d6 8. b3
Bf5 9. d4 Qc8 10. Re1 e5 11. Ba3 Rd8 12. Rc1 $146 {A novelty by Dominguez.} (
12. dxc5 dxc5 13. Nd5 e4 14. Nef4 b6 $11 {with solid play, Ristoja
Lehtimaeki-Karvi, Finland 1973.}) 12... Bh3 13. dxc5 (13. Bh1 Qf5 {and Black
would like to attack with Ng4.}) 13... Bxg2 14. Kxg2 dxc5 15. Nd5 b6 16. Nxf6+
(16. Nec3 {was the alternative move} e4 $1 17. Qc2 Nxd5 18. cxd5 Ne5 19. Nxe4 (
19. Qxe4 $6 {is dubious, because of} Qa6 $1 $36 {and suddenly Black has a
great initiative.}) 19... Rxd5 {with a balanced middlegame.}) 16... Bxf6 17.
Qc2 Qa6 $1 {The queen is very unpleasant from a6. White's a3 B and a2 P are in
trouble.} 18. Qb2 Bg7 {Too careful.} ({It was much stronger to play} 18... Rd6
$1 19. Rcd1 (19. Nc3 $2 e4 $1 $19) ({and White can't play} 19. e4 $2 Rad8 $17 {
and Black controls the d-file, now White is in big trouble.}) 19... Rad8 20.
Rxd6 Rxd6 21. Qc1 e4 $1 $36 {followed by ...Ne5, Black has a hopeful position.}
) 19. e4 Nd4 20. Nc3 f5 21. Nd5 {Strategically White's position looks good,
because he has a great knight on d5 and he has the "good B". On the other hand
he can't come back with his bishop which is completely out of play, so only
Black can fight for the initiative.} Rd7 ({Probably} 21... fxe4 $1 {was more
accurate} 22. Rxe4 Rf8 23. b4 Rab8 24. b5 Qb7 {and Black can create some sort
of attack on the f-file.}) 22. b4 $1 cxb4 23. Bxb4 {Now the bishop is active
again; White has equalised.} fxe4 24. Qb1 $1 Qb7 $6 {A dubious move, because
White can immediately activate his queen.} ({Black should have played} 24...
Re8 25. Rxe4 (25. Qxe4 $6 Qxa2) 25... Rf7 $13 {still an unclear middlegame.})
25. Qxe4 Rc8 $4 {A terrible blunder, which both players missed in the game.} (
25... Rad8 26. Rcd1 $14 {and White's position is more comfortable.}) 26. a4 $4
({The tactical} 26. Ne7+ $1 {was working} Rxe7 27. Bxe7 Qxe7 28. Qxd4 $1 $18 {
and White has a clear exchange up, he is completely winning.}) 26... Kh8 $6 {
A logical move, but too slow.} (26... Nc6 {was more accurate} 27. Ba3 Rf7 {
and Black can try to hold on.}) 27. f4 $1 {An ambitious move, now White has
the initiative again.} Nc6 28. Bc3 Re8 29. Rcd1 Qc8 30. f5 $6 ({Still} 30. Re2
$1 {was the best, Black is in an unpleasant pin on the e-file, so White has
some advantage.}) 30... gxf5 (30... gxf5 31. Qxf5 Rf8 32. Qd3 Rdf7 (32... Nd4
$5) 33. Rf1 {with a nearly equal position.}) 1/2-1/2

[Event "USA-ch"]
[Site "Saint Louis"]
[Date "2017.04.07"]
[Round "9"]
[White "Akobian, Varuzhan"]
[Black "Caruana, Fabiano"]
[Result "1-0"]
[WhiteElo "2645"]
[BlackElo "2817"]
[Annotator "Szabo,Kr"]
[PlyCount "157"]
[EventDate "2017.03.29"]
[EventType "tourn"]
[EventRounds "11"]
[EventCountry "USA"]
[EventCategory "18"]
[SourceTitle "CBM 178"]
[Source "ChessBase"]
[SourceDate "2017.05.14"]
[SourceVersion "1"]
[SourceVersionDate "2017.05.14"]
[SourceQuality "1"]

1. d4 d6 2. Nf3 Nf6 3. c4 g6 4. Nc3 Bf5 5. e3 {A rare move.} (5. g3) ({and} 5.
Nh4 {are the main continuations.}) 5... Bg7 6. Bd3 Bxd3 7. Qxd3 O-O 8. O-O Nbd7
9. b3 (9. e4 e5 10. Be3 Ng4 11. Bg5 f6 12. Bh4 h5 13. dxe5 Ngxe5 14. Nxe5 Nxe5
15. Qd5+ Rf7 16. f4 c6 17. Qd4 g5 18. fxe5 fxe5 19. Qe3 gxh4 20. Rxf7 Kxf7 21.
Rf1+ Kg6 $132 {Svane-Adhiban, Sharjah 2017, with a double-edged fight.}) 9...
e5 10. dxe5 (10. Bb2 Re8 11. Qc2 exd4 12. exd4 d5 13. Rfe1 Rxe1+ 14. Rxe1 Rc8
15. c5 c6 16. b4 a6 $11 {Lentrodt-Blatny, Bad Wiessee 1997, with a balanced
position.}) 10... dxe5 11. Ba3 Re8 12. Ne4 {White is simplifying the position.
He is playing for a draw from the very beginning.} Nxe4 13. Qxe4 Qc8 14. Rad1
Nf6 15. Qc2 e4 16. Nd4 Ng4 {Ambitious play by Black, he prepares for ...Ne5-d3,
however the position is equal.} 17. Bb2 Ne5 18. Ne2 Qg4 19. Nf4 Qf5 20. Rd2 c6
({The natural} 20... Rad8 {was also possible.}) 21. Rfd1 h5 22. h3 h4 23. Rd6
Bh8 {A strange move, but White controls the d-file, so Black can only hold the
position.} 24. c5 a5 25. a3 Kh7 26. Qe2 Bg7 27. Qc2 Bh8 28. Kf1 Re7 29. Rd8 {
White avoids the repetition and he decides to exchange the rooks on d8. On the
other hand, the exchange is only helping for Black.} Rxd8 30. Rxd8 Bf6 31. Qd2
(31. b4 Rd7 $11 {leads to a drawish endgame.}) 31... a4 $1 {Black immediately
creates counterplay on the queenside.} 32. Qc2 axb3 33. Qxb3 Nd7 34. Qc2 $6 {
This is a dubious move, which involves some difficulties for White.} (34. Qxb7
Qxc5 35. Bxf6 Qc1+ 36. Ke2 Qc2+ $11 {was a quick draw.}) 34... Kg7 35. Ne2 $2 {
Mistake! White simply sacrifices his c5-pawn.} (35. Kg1 {was important,} Qxc5
36. Bxf6+ Kxf6 37. Qb2+ Ne5 38. Rd4 $44 {with a good compensation for the pawn.
}) 35... Qxc5 $1 36. Bxf6+ Kxf6 {The black king comes out a bit, but White
can't create counterplay against it.} 37. Nc3 Kg7 $1 38. Kg1 (38. Qb2 {was
tougher, but} Qb6 $17 {and Black has a healthy pawn up.}) 38... Qxa3 39. Qd2 ({
In the event of} 39. Nxe4 Qa1+ 40. Kh2 Qe5+ 41. Kg1 Qxe4 42. Qxe4 Rxe4 43. Rxd7
b5 $19 {and thanks to the two connected passed pawns Black should be winning.})
39... Nf6 $19 {Black is two pawns up, his position is completely winning. We
still can not guess what's going to happen.} 40. Qd4 Qa1+ 41. Kh2 Qa5 42. Kg1
Qe5 43. Qb4 b6 44. Ne2 Qc7 45. Ra8 c5 46. Qb2 Rd7 47. Ra1 Rd6 48. Nc3 Qe7 49.
Nb5 Rd3 50. Rb1 Qe6 $6 {Inaccuracy which gives a pawn and some practical
chances for White.} (50... c4 $19 {was winning without any counterplay.}) 51.
Nc7 $1 Qd7 52. Qxb6 c4 53. Nb5 Rd1+ 54. Rxd1 Qxd1+ 55. Kh2 Qd5 (55... Qd2 $1
$19 {was stronger, still Black is winning.}) 56. Nd4 Nd7 57. Qd8 Qd6+ $2 {
A tempting move, but this is a mistake.} ({Black should have played} 57... Qe5+
58. Kg1 Nc5 59. Qxh4 Nb3 $17 {and Black still has a good chance of a win.}) 58.
Kg1 c3 59. Kh1 $1 {This is a very good waiting move!} Qd5 60. Kg1 {It is not
easy to improve the position for Black.} Qb7 61. Qe7 $2 {Error in reply!} (61.
Nf5+ $1 {was a draw immediately,} gxf5 62. Qg5+ Kh7 63. Qh5+ $11 {and
perpetual checks.}) 61... Kg8 62. Qe8+ Nf8 63. Qa4 Qb1+ 64. Kh2 Qe1 65. Qc6 Qd2
(65... Qxf2 66. Qxc3 Nh7 {is similar to the game.}) 66. Kg1 Nh7 67. Qc8+ (67.
Qe8+ $1 {was tougher, because Black has to repeat with} Nf8 {otherwise,} (67...
Kg7 68. Qe5+ Nf6 69. Qe7 $1 Qa2 70. Qc7 $1 $11 {and White survives.})) 67...
Kg7 68. Qc7 Qe1+ 69. Kh2 Qxf2 70. Qxc3 Kh6 71. Nc6 Qg3+ 72. Kh1 Qc7 73. Qc5 Qc8
$6 (73... f5 $17) ({or} 73... Kg7 $17 {still continue the pressure.}) 74. Qd6
$1 Qf5 75. Ne5 Kg7 (75... Qe6 $5) 76. Qd4 $1 f6 $4 {A terrible blunder, which
loses immediately!} (76... Nf6 77. Ng4 {and White equalises.}) 77. Qa7+ $1 $18
{Suddenly the black king is in big trouble!} Kh6 78. Ng4+ Kg5 79. Qxh7 1-0

[Event "USA-ch"]
[Site "Saint Louis"]
[Date "2017.04.02"]
[Round "5"]
[White "Onischuk, Alexander"]
[Black "Caruana, Fabiano"]
[Result "1/2-1/2"]
[WhiteElo "2667"]
[BlackElo "2817"]
[Annotator "Yermolinsky,A"]
[PlyCount "180"]
[EventDate "2017.03.29"]
[EventType "tourn"]
[EventRounds "11"]
[EventCountry "USA"]
[EventCategory "18"]
[SourceTitle "CBM 178"]
[Source "ChessBase"]
[SourceDate "2017.05.14"]
[SourceVersion "1"]
[SourceVersionDate "2017.05.14"]
[SourceQuality "1"]

1. d4 d6 {Fabiano is not known for his King's Indian, but the tournament
situation called for something extra.} 2. Nf3 Nf6 3. c4 g6 4. Nc3 Bf5 {Caruana
had already played this line a bunch of times, losing to Kramnik, Morozevich,
Ragger and Lenic, with only one draw against Gelfand to his credit. Some bad
memories to wipe out...} 5. g3 Ne4 6. Bd2 {One of the quietest responses. The
experienced Onischuk is content with a safe, easy to play position.} Bg7 7. Bg2
Nxd2 8. Qxd2 O-O 9. O-O Nc6 (9... c5 10. d5 Na6 {didn't score well for Black
in Le Quang Liem-Ivanchuk, 2013.}) 10. d5 Na5 $5 {That's pushing it.} (10...
Ne5 11. Nxe5 Bxe5 {was certainly a safer choice.}) 11. b3 c5 12. e4 Bd7 13.
Rae1 Qc7 14. Qe3 {White doesn't seem to be missing his dark-squared bishop
because of the more than adequate development.} a6 {Caruana correctly decides
to speed up his counterplay, otherwise in the long run the terrible position
of his Na5 may cost him the game.} (14... f6 $6 {would have stopped White's
intended e-pawn push, but at the rather steep cost of weakening the king and
making the Bg7 miserable.} 15. h4 $1 {and I take White here.}) 15. e5 b5 16. e6
fxe6 17. dxe6 Bc6 18. Nd5 Qb7 $1 (18... Bxd5 19. cxd5 b4 (19... c4 20. b4 {
is the knight trap known from the classical Chigorin Ruy Lopez.}) 20. Rc1 c4
21. bxc4 Nb7 22. h4 Nc5 {would be a standard pawn sac to create queenside play,
but with the e6-pawn cutting the board in two (borrowed that one from G.
Kasparov) White has great chances to checkmate the black king.} 23. h5 gxh5 24.
Ng5 Bh6 25. f4 {etc.}) 19. Qg5 $6 {Alexander was too eager to create chances
against Fabiano's king.} (19. Rb1 {would have been more prudent.}) 19... Rae8
20. Qh4 bxc4 21. bxc4 Bxd5 ({Did Fabiano miss the} 21... Nxc4 $1 22. Ng5 h6 23.
Qxc4 {idea? Probably not, only the follow-up move,} Rf5 {that makes the whole
thing work!}) 22. cxd5 Bf6 23. Ng5 Bxg5 24. Qxg5 Qb2 25. Qh4 ({The endgame
after} 25. Rc1 Qd4 26. Qe3 {would more likely than not end in a draw.}) 25...
c4 26. Re4 Qg7 $6 {Feeling uncomfortable with his clock situation Caruana
decides to play it safe.} ({Snatching a pawn with} 26... Qxa2 {was possible:}
27. Rf4 Rxf4 28. Qxf4 Rf8 29. Qh4 Rf6 30. Qd4 Qb3 {and now White has to be
careful not to end up in a bad position. The right move is} 31. Ra1 ({not} 31.
Qa7 Qb7 32. Qxb7 Nxb7 33. Rc1 Nc5 34. Rxc4 a5 {Black will win this for sure.})
31... c3 32. Be4 Nc4 33. Rb1 c2 34. Rc1 Na3 35. Qd2 {Black has made some
strides but his knight is still not well-positioned, and White's counterplay
with h4-h5 is something to worry about.}) 27. Rf4 Rxf4 28. Qxf4 Rc8 29. Rc1 Rc5
30. Be4 {This is the moment I rated Onischuk's chances very highly. He was
better on the board and on the clock as well. To call it a win for White may
be a stretch, but I thought he should push for it. The next few moves were
easy to predict. Caruana just had to play this way or lose on time.} c3 31. h4
{Not a top priority move.} (31. Bd3 $1 Qf6 32. Qxf6 exf6 33. Bxa6 Kf8 34. h4
Ke7 35. Kg2 $14) 31... Qf6 $1 32. Qxf6 exf6 33. g4 Kf8 34. Kg2 (34. f4 Ke7 35.
f5 gxf5 36. Bxf5 h6 37. Kf2 Rxd5 38. Rxc3 Rc5 39. Ra3 {Black is totally stuck
here. Maybe he can hold on, maybe not, but surely White's is the one to try.})
34... Ke7 35. Kg3 $4 {Oh, horror! One thing White had to make sure of was to
keep the black knight out of the game.} Nc4 $1 {This was played
instantaneously. "How do you spell r-e-l-i-e-f" was a 1976 TV commercial. I'm
not sure Caruana (b. 1992) has ever seen it, but he knows now.} 36. Kf4 $2 {
Onischuk must have been shaken up.} (36. Rxc3 Nd2 {is the trick.}) ({
Objectively best was} 36. Rb1 $11) 36... Nb6 $17 37. g5 fxg5+ 38. hxg5 Nxd5+
39. Bxd5 Rxd5 40. Rxc3 Rf5+ 41. Ke3 $1 {One has to admire Alexander's
composure. Facing extreme adversity he fights on.} ({A lot of people would go} 
41. Kg4 {to perish after} Rxf2 42. Ra3 Kxe6 43. Rxa6 Rf7 44. a4 Ke5 45. Ra8 d5
46. a5 Rf4+ 47. Kg3 Ra4 {etc.}) 41... Kxe6 42. Rc7 Rxg5 43. Rxh7 Re5+ (43...
Ra5 44. Rg7 Kf5 45. Rf7+ Ke5 46. Re7+ Kd5 47. Rg7 Ra3+ 48. Kf4 Rxa2 49. Ke3 a5
{looked a better try.}) 44. Kf3 a5 {Black retains some practical winning
chances here, but White should hold with correct play, which is exactly what
Onischuk demonstrated.} 45. Rg7 Kf6 46. Rd7 Rf5+ 47. Ke3 Ke6 48. Ra7 Rc5 49.
Rg7 g5 50. Rg6+ Kd7 51. Rf6 Rc2 52. Rf5 Rc5 53. Rf6 Kc6 54. Kd3 Rd5+ 55. Kc3
Re5 56. Kd3 Kc5 57. f4 gxf4 58. Rxf4 Rh5 59. Rc4+ Kb5 60. a4+ Kb6 61. Rg4 Kc5
62. Rc4+ Kd5 63. Rd4+ Kc6 {It should be pointed out that White's a-pawn is
utterly unimportant here, and this exact position would still be a draw even
if White had no pawn.} 64. Rc4+ Rc5 65. Rh4 Rc1 66. Rh5 Rc5 67. Rh8 Rg5 68.
Rc8+ Kb7 69. Rd8 Kc7 70. Ra8 Rh5 71. Ra6 Rd5+ 72. Kc4 Rc5+ 73. Kd4 Rh5 74. Kc4
Kd7 75. Ra8 Kc7 76. Ra6 Rh4+ 77. Kb5 Rb4+ 78. Kxa5 Rb8 79. Ra7+ Kc6 80. Rh7 d5
81. Rh1 d4 82. Rc1+ Kd5 83. Ka6 d3 84. Rd1 Kc4 85. a5 Rb2 86. Ka7 d2 87. a6 Kc3
88. Ka8 Kc2 89. Rxd2+ Kxd2 90. a7 Rb1 1/2-1/2

[Event "Yerevan"]
[Site "Yerevan"]
[Date "1996.??.??"]
[Round "10"]
[White "Ehlvest, Jaan"]
[Black "Svidler, Peter"]
[Result "0-1"]
[WhiteElo "2660"]
[BlackElo "2630"]
[Annotator "Dautov,R"]
[PlyCount "78"]
[EventDate "1996.04.??"]
[EventType "tourn"]
[EventRounds "11"]
[EventCountry "ARM"]
[EventCategory "15"]
[SourceTitle "CBM 053"]
[Source "ChessBase"]
[SourceDate "1996.08.01"]
[SourceVersion "1"]
[SourceVersionDate "1996.08.01"]
[SourceQuality "1"]

1. d4 Nf6 2. Nf3 g6 3. c4 Bg7 4. Nc3 O-O 5. Bg5 d6 6. e3 Nbd7 (6... c5 7. Be2
h6 8. Bh4 cxd4 9. Nxd4 Nc6 10. O-O Bd7 11. Qc2 a6 12. Rfd1 $10 {ECO}) 7. Qc2 (
7. Be2 c6 8. O-O h6 9. Bh4 g5 10. Bg3 Nh5 $10) 7... a6 {N} (7... c6 8. Be2 Qc7
(8... h6 9. Bh4 e5 10. Rd1 Qe7 11. O-O Re8 12. b4 Qf8 13. b5 Nh7 14. bxc6 bxc6
15. d5 Bb7 16. Rb1 Nc5 17. Na4 $16 {Bosboom,M-Nijboer,F/NLD-ch (07) 1991}) 9.
O-O e5 10. Rad1 Re8 11. dxe5 dxe5 12. Nd2 Nf8 13. c5 Bf5 14. Qc1 N6d7 15. b4 a5
16. a3 axb4 17. axb4 Ne6 18. Bh4 g5 19. Bg3 Bg6 20. Nc4 $14 {Inkiov,V-Krnic,Z/
West Berlin 1986}) (7... h6 8. Bh4 e5 9. Rd1 Re8 10. Be2 c6 11. dxe5 dxe5 12.
O-O Qc7 13. Nd2 Nf8 14. c5 Bf5 15. Qc1 N8d7 16. b4 a5 17. a3 axb4 18. axb4 b6
19. Nc4 Be6 20. Bxf6 Bxf6 21. Ne4 Be7 22. Ncd6 Rf8 23. Bc4 $14 {Inkiov,
V-Uhlmann,W/Bulgaria-DDR 1986}) 8. Be2 h6 9. Bh4 c5 (9... c6 10. O-O b5 11. a3
Bb7 12. b4 $14) 10. O-O cxd4 $6 (10... Re8 11. Rfd1 Rb8 12. a3 b6 13. b4 Bb7
$14 {Knaak-Riemersma/Wijk/1988}) 11. Nxd4 Ne5 12. Rac1 Nc6 13. a3 Bd7 14. Rfd1
$14 {Man vergleiche die Stellung mit der theoretischen Variante (s. die
Anmerkung zum 6. Zug ), Weiß hat hier 2 Tempi mehr (Rac1 und a3).} Qb8 15. b4
Nxd4 16. exd4 Bc6 17. c5 (17. d5 $5 Bd7 18. c5 Rc8 (18... dxc5 19. bxc5 Rc8 (
19... Qc7 $2 20. d6 $1 Qxc5 21. dxe7 Qxe7 22. Nd5 $18) 20. Ne4 (20. Na4 $2 Qf4)
20... Bf5 (20... Nxe4 21. Qxe4 $16) 21. Bxf6 (21. Nxf6+ Bxf6 22. Qa4 b5 23.
cxb6 Rxc1 24. Rxc1 Qxb6 $10) 21... Bxe4 22. Qxe4 Bxf6 23. Bg4 Rc7 24. Qb4 $16 {
/\d6}) 19. Ne4 Bf5 20. Bxf6 Bxe4 21. Qxe4 Bxf6 22. Bg4 Rc7 23. c6 bxc6 24. Rxc6
Rxc6 25. dxc6 Qc7 26. Bd7 $16) 17... dxc5 18. dxc5 Qe5 19. Bg3 Qe6 20. Re1 Qc8
21. Bc4 $16 e6 22. a4 $2 {Ein Fehlgriff. Das Spiel im Zentrum war dem
verlockenden Plan a4, b5 vorzuziehen.} (22. Rcd1 Rd8 23. Be5 $16 {/\} Nd5 $2
24. Bxd5 exd5 25. Bxg7 Kxg7 26. Rd4 {/\Red1, ><d5}) 22... Rd8 23. Red1 Nd5 $1
$132 24. Bxd5 exd5 (24... Bxd5 $2 25. Nxd5 exd5 26. b5 axb5 27. axb5 {/\c6-c7+/
-}) 25. b5 axb5 26. axb5 Ra3 $1 $10 27. bxc6 (27. Nb1 Rxg3 28. hxg3 Bxb5 29.
Nc3 Bc6 (29... Qxc5 $2 30. Nxd5 Qxc2 31. Rxc2 $14) (29... Bc4 30. Ne4 $1 {/\Nd6
}) 30. Ne2 d4 $13) 27... Rxc3 28. Qxc3 $5 (28. cxb7 Qxb7 29. Qd2 $10) 28...
Bxc3 29. c7 Bg7 $1 (29... Rd7 $2 30. Rxc3 $16) 30. cxd8=Q+ Qxd8 31. Rb1 Qd7 32.
Bd6 $6 {Weiß ist fest davon überzeugt, noch in Vorteil zu sein und spielt
unvorsichtigt. Der Läufer steht schön auf d6, kann aber nicht von dort den
gefährlichen schwarzen Freibauern kontrollieren. Umsichtiger war} (32. f3 d4
33. Rd3 Qf5 34. Rbd1 Qxc5 35. Bf2 $10) 32... d4 33. Rb6 $6 Qa4 34. Rbb1 (34.
Rdb1 $2 d3 35. Kf1 Qc2 $19) 34... g5 $1 {Schwarz plant nun mittels f5-f4 dem
weißen Läufer die Rückzugmöglichkeit wegzunehmen.} 35. h3 $2 {Es war noch
nicht zu spät, die Notbremse zu ziehen-} (35. f3 $1 Qc2 36. Rbc1 (36. Rdc1 $5)
36... Qb3 37. Rb1 Qd5 38. Rd2 $1 f5 (38... d3 $2 39. Rbd1 $10) 39. Bg3 Qxc5 40.
Bf2 b5 41. Rdb2 $15) 35... Qc6 (35... Qc2 $5) 36. Re1 $2 (36. f3 f5 $1 37. Bg3
(37. Rd2 f4 $17) 37... Qxc5 38. Rxb7 d3+ 39. Bf2 Qc2 40. Rbb1 d2 $17) 36... d3
$19 37. Rbd1 Qd5 38. Re3 d2 39. g4 (39. Kf1 Qc4+ 40. Re2 Bc3 41. f3 Ba5 42. Kf2
Qc2 $19) (39. Kh2 b6 40. Re2 Bc3 $19) 39... Qc4 (39... Qc4 {/\Qc1} 40. Rxd2
Qc1+ $19) 0-1

[Event "Biel"]
[Site "Biel"]
[Date "1989.??.??"]
[Round "?"]
[White "Polugaevsky, Lev"]
[Black "De Firmian, Nick E"]
[Result "1/2-1/2"]
[WhiteElo "2595"]
[BlackElo "2595"]
[Annotator "ChessBase"]
[PlyCount "84"]
[EventDate "1989.07.??"]
[EventType "tourn"]
[EventRounds "14"]
[EventCountry "SUI"]
[EventCategory "14"]
[SourceTitle "CBM 014"]
[Source "ChessBase"]
[SourceDate "1990.02.01"]
[SourceVersion "1"]
[SourceVersionDate "1990.02.01"]
[SourceQuality "1"]

1. d4 Nf6 2. c4 d6 3. Nc3 Bf5 4. Nf3 {4.f3; 4.g3} g6 5. Nh4 $5 Bd7 6. e4 e5 7.
Nf3 Nc6 (7... exd4 $5 8. Nxd4 Bg7 9. Be2 Nc6) 8. d5 Ne7 9. c5 $1 Bg7 10. cxd6
cxd6 11. Nd2 O-O 12. Be2 Ne8 13. a4 $1 f5 (13... Bh6 $1 14. h4 f5) 14. Nc4 fxe4
15. Nxe4 Bf5 16. f3 Nf6 (16... Bxe4 17. fxe4 Nf6 18. Bf3 $16) 17. Ncxd6 Nxe4 $8
(17... Nfxd5 $2 18. Bc4) 18. Nxe4 Nxd5 19. O-O (19. Bc4 $2 Bxe4 20. fxe4 Qh4+
21. g3 Qxe4+ $19) 19... Qb6+ 20. Kh1 Nf4 21. Bc4+ Kh8 {21...Be6!?} 22. Qd6 $1
Qxd6 23. Nxd6 Bd3 24. Bxd3 Nxd3 25. Ne4 $1 $16 b6 26. b3 {/\ 27.Ba3+/-} Nxc1
27. Raxc1 Rac8 28. Rfd1 Bh6 29. Rxc8 Rxc8 30. g3 Rc7 (30... Rc1 31. Rxc1 Bxc1
32. Nd6 Kg7 33. Nc8 $18) 31. Rd8+ Kg7 32. Re8 Rc1+ 33. Kg2 Rb1 34. Re7+ (34.
Rxe5 $5 Rb2+ 35. Kh3 Rxb3 36. Re7+ Kf8 (36... Kg8 37. Nf6+ Kf8 38. Rxa7 Rxf3
39. Nxh7+ $16) 37. Rxh7 Bg7 38. Ng5 Kg8 39. Rh4 $16) 34... Kf8 35. Rxa7 Rb2+
36. Kh3 Rxb3 37. Kg4 {/\ 38.Nf6 +-} Bg7 38. Ng5 $2 (38. h4 $1 Rb4 (38... h5+
39. Kg5 $18) (38... Ra3 $8 39. Kh3 $3 h5 (39... Rxf3 $2 40. Ng5 $18) (39... h6
40. Kg4 $1 {/\ 41.Rb7 +- (RR 40...b5!?)}) (39... Kg8 40. Ra8+ Kf7 41. Ng5+ $18)
(39... b5 40. Ng5 Bh6 41. Nxh7+ Ke8 42. Nf6+ Kd8 43. Ng4 Rxa4 44. Rb7 $18) 40.
Rb7 Rxa4 41. Rxb6 Ra3 42. Ng5 $18) 39. h5 $18) 38... h5+ 39. Kh3 Bh6 $1 40.
Ne6+ Kg8 41. Rb7 Rxf3 42. Rxb6 Ra3 {[ Polugevsky ]} 1/2-1/2